Vystavujú knihy a litografie

Bibliographic Details
Main Author: Pavúk, Maroš (Author)
Corporate Author: Krajská štátna knižnica (Košice, Slovensko) (Author)
Format: Article
Language:Slovak
PhysicalDescription:1 foto
Subjects:

MARC

LEADER 00000nab a2200000 a 4500
001 vtls000896397
003 SK-MaSNL
005 20260305000319.0
008 040720e19971030xo 0 slo
035 |a KE5422 
040 |a KEVKJB  |b slo  |c KEVKJB  |e AACR2 
041 0 |a slo 
044 |a xo  |c SK 
080 |a 027.54  |2 1981 
080 |a 830  |2 1981 
080 |a 061.4  |2 1981 
080 |a 929  |2 1981 
100 1 |a Pavúk, Maroš  |4 aut  |9 880501 
245 1 0 |a Vystavujú knihy a litografie 
300 |b 1 foto 
590 |a Heine, Henrich 1797-1856  |b nemecký básnik 
600 1 7 |a Heine, Heinrich,  |d 1797-1856  |2 KEVKJB  |9 105738 
610 2 7 |a Krajská štátna knižnica (Košice, Slovensko)  |2 KEVKJB  |9 32737 
610 2 7 |a Štátna vedecká knižnica v Košiciach  |2 KEVKJB  |9 252348 
650 0 7 |a dielo  |2 KEVKJB  |9 432553 
650 0 7 |a výstavy  |2 KEVKJB  |9 2780 
651 7 |a Košice (Slovensko)  |2 KEVKJB  |9 18694 
651 7 |a KE,  |2 KEVKJB  |9 877256 
651 7 |a KE,  |2 KEVKJB  |9 877256 
655 7 |a periodikum  |2 snkbucl  |9 29553 
710 2 |a Krajská štátna knižnica (Košice, Slovensko)  |4 aut  |9 32737 
773 0 8 |t Korzo  |g Roč. 4, č.250, 30.10.1997, s. 14 
852 |a ZVYKNI  |b KIS3GCP 
999 |c 3213071  |d 3215001